Statistics for Busiest Airports in North America

Click here to take the quiz!

General Stats

  • This quiz has been taken 270 times
  • The average score is 38 of 50

Answer Stats

PassengersAirport% Correct
107.4MAtlanta
98%
87.5MLos Angeles
97%
69.1MDallas-Fort Worth
95%
16.2MDallas-Love
95%
61.6MNew York-JFK
95%
22.0MChicago-Midway
94%
83.2MChicago-O'Hare
94%
14.5MHouston-Hobby
94%
43.8MHouston-Intercontinential
94%
45.0MMiami
94%
57.7MSan Francisco
94%
45.9MNewark
91%
10.7MOrange County
91%
41.0MBoston
90%
30.1MNew York-La Gaurdia
88%
47.7MOrlando-International
88%
49.9MSeattle
87%
64.5MDenver
86%
27.1MBaltimore
85%
49.9MLas Vegas
84%
23.9MWashington-Dulles
83%
23.4MWashington-Reagan
83%
31.7MPhiladelphia
82%
24.3MSan Diego
82%
45.0MPhoenix-Sky Harbour
81%
49.5MToronto-Pearson
81%
46.5MCharlotte
78%
19.9MPortland
78%
35.2MDetroit
77%
21.3MTampa
77%
26.0MVancouver
77%
19.4MMontreal-Trudeau
75%
38.1MMinneapolis
74%
15.8MAustin
73%
47.7MMexico City
72%
25.6MSalt Lake City
66%
14.3MSan Jose
66%
16.0MNashville
65%
17.3MCalgary
63%
13.1MNew Orleans
61%
15.6MSt. Louis
61%
20.9MHonolulu
56%
25.2MCancun
55%
36.0MFort Lauderdale
48%
11.9MKansas City
47%
13.6MOakland
46%
14.3MGuadalajara
45%
12.8MRaleigh
44%
12.1MSacramento
42%
10.7MMonterrey
37%

Score Distribution

Percentile by Number Answered

Percent of People with Each Score

Your Score History

You have not taken this quiz